| 000 | 00667cam a22001815a 4500 | ||
|---|---|---|---|
| 001 | L156370 | ||
| 008 | 120515s1848 xxk f 000 0 eng d | ||
| 035 | _a(Sirsi) u156370 | ||
| 041 | 0 | _aeng | |
| 100 | 1 | _aReid, John | |
| 245 | 0 | 4 |
_aThe young surveyor's preceptor _ba clear and comprehensive analysis of the art of architectural mensuration; being a familiar practical system ... of every description of builder's work ... |
| 260 |
_aLondon _bJ. Basevi _c[1848] |
||
| 300 |
_aiv, [5]-193, [2] p. _bplates _c28 cm. |
||
| 583 |
_aCondition reviewed _c20120620 _lcondition level 4 and 4 |
||
| 651 | 4 |
_aGreat Britain _y1707- |
|
| 690 |
_aMeasurement _96256 |
||
| 942 | _n0 | ||
| 999 |
_c114216 _d114216 |
||